000 00638 a2200217 4500
001 42376
005 20260407155713.0
008 260407a1957 arg spa d
003 AR-UNSa-BCEJYS
040 _aAR-UNSa-BCEJYS
_bspa
_cAR-UNSa-BCEJYS
080 _a347
_xDerecho Civil
245 1 0 _aTratado de derecho civil argentino
_pfuentes de las obligaciones
250 _a2a. ed.
264 1 _aBuenos Aires :
_bTEA (Tipográfica Editora Argentina)
_c1957
300 _a4 v.
_c24 cm.
041 _aspa
942 _cBK
590 _aniveau_biblio:m niveau_hierar:0
100 1 _aAcuña Anzorena, Arturo
700 1 _aSalvat, Raymundo M.
999 _c3607
_d3607